[Event "Tastrup"]
[Site "Tastrup"]
[Date "1990.??.??"]
[Round "1"]
[White "Schandorff, Lars"]
[Black "Vogt, Lothar"]
[Result "1-0"]
[WhiteElo "2445"]
[BlackElo "2500"]
[PlyCount "82"]
[EventDate "1990.02.??"]
[EventType "tourn"]
[EventRounds "9"]
[EventCountry "DEN"]
[EventCategory "9"]
[Source "ChessBase"]
[SourceDate "1991.02.01"]

1. d4 Nf6 2. c4 g6 3. Nc3 Bg7 4. e4 d6 5. Be2 O-O 6. Bg5 h6 7. Be3 e5 8. d5 c6
9. Qd2 h5 10. f3 a6 11. h4 cxd5 12. cxd5 b5 13. Nh3 Bxh3 14. Rxh3 Nbd7 15. Rh1
Rc8 16. Nd1 Nc5 17. Nf2 Nfd7 18. g4 Nf6 19. Bg5 Qd7 20. Bxf6 Bxf6 21. gxh5 Qe7
22. Qh6 Bg7 23. Qg5 Qxg5 24. hxg5 gxh5 25. Rxh5 Na4 26. b3 Nc3 27. Bf1 a5 28.
Ng4 Rfd8 29. Nf6+ Kf8 30. Rh7 b4 31. Nh5 a4 32. bxa4 Nxa4 33. Rxg7 Rc2 34. g6
fxg6 35. Rxg6 Nc3 36. Rg2 Rxg2 37. Bxg2 Ra8 38. Kd2 Nxa2 39. Rb1 Ke7 40. Ng3
Rh8 41. Nf5+ Kf6 1-0

[Event "Tastrup"]
[Site "Tastrup"]
[Date "1990.??.??"]
[Round "9"]
[White "Vogt, Lothar"]
[Black "Berg, Klaus"]
[Result "1-0"]
[WhiteElo "2500"]
[BlackElo "2410"]
[PlyCount "81"]
[EventDate "1990.02.??"]
[EventType "tourn"]
[EventRounds "9"]
[EventCountry "DEN"]
[EventCategory "9"]
[Source "ChessBase"]
[SourceDate "1991.02.01"]

1. e4 c5 2. Nf3 d6 3. d4 cxd4 4. Nxd4 Nf6 5. Nc3 g6 6. Be2 Bg7 7. O-O O-O 8.
Kh1 a6 9. f4 Nbd7 10. Bf3 e5 11. Nde2 exf4 12. Bxf4 Ne5 13. Qd2 Nxf3 14. Rxf3
Re8 15. Bg5 Bg4 16. Rf2 Bxe2 17. Rxe2 Re6 18. Rf1 Qe8 19. Ref2 Nxe4 20. Nxe4
Rxe4 21. Rxf7 Qe6 22. Rxb7 Re8 23. Bh6 Bd4 24. Rb3 Re1 25. Rbf3 Rxf1+ 26. Rxf1
Bg7 27. Bxg7 Kxg7 28. h3 h5 29. b3 Qe2 30. Qd4+ Re5 31. Rd1 Qxc2 32. Qxd6 Re2
33. Rf1 Qc8 34. Qd4+ Kh6 35. Qf4+ Kh7 36. Rc1 Rc2 37. Qf7+ Kh6 38. Re1 Qc6 39.
Qf8+ Kg5 40. Re5+ Kh4 41. Qf4# 1-0

[Event "Tastrup"]
[Site "Tastrup"]
[Date "1990.??.??"]
[Round "4"]
[White "Vogt, Lothar"]
[Black "Kristiansen, Jens"]
[Result "1-0"]
[WhiteElo "2500"]
[BlackElo "2445"]
[PlyCount "65"]
[EventDate "1990.02.??"]
[EventType "tourn"]
[EventRounds "9"]
[EventCountry "DEN"]
[EventCategory "9"]
[Source "ChessBase"]
[SourceDate "1991.02.01"]

1. e4 g6 2. d4 Bg7 3. Nf3 d6 4. Nc3 Nf6 5. h3 O-O 6. Be3 c6 7. a4 Nbd7 8. Qd2
Qc7 9. Rd1 b6 10. Be2 a6 11. O-O Bb7 12. Rfe1 b5 13. e5 b4 14. Na2 Nd5 15. Bh6
dxe5 16. Bxg7 Kxg7 17. dxe5 Nxe5 18. Nxe5 Qxe5 19. Nxb4 Qd6 20. Nd3 a5 21. Bf3
Rfd8 22. Ne5 Qb4 23. c3 Qxa4 24. Re4 Qb3 25. Rd4 Rd6 26. c4 Nf6 27. Rxd6 exd6
28. Qxd6 Qxb2 29. Qe7 Rf8 30. Rd8 Rxd8 31. Qxf7+ Kh6 32. Qxf6 Qc1+ 33. Kh2 1-0

[Event "Tastrup"]
[Site "Tastrup"]
[Date "1990.??.??"]
[Round "2"]
[White "Vogt, Lothar"]
[Black "Hoi, Carsten"]
[Result "1-0"]
[WhiteElo "2500"]
[BlackElo "2445"]
[PlyCount "63"]
[EventDate "1990.02.??"]
[EventType "tourn"]
[EventRounds "9"]
[EventCountry "DEN"]
[EventCategory "9"]
[Source "ChessBase"]
[SourceDate "1991.02.01"]

1. e4 Nc6 2. d4 e5 3. dxe5 Nxe5 4. f4 Ng6 5. Nf3 Bb4+ 6. Nc3 Qe7 7. Bd3 d6 8.
O-O Bxc3 9. bxc3 Nf6 10. Ba3 c5 11. e5 dxe5 12. fxe5 Nd7 13. e6 fxe6 14. Bxg6+
hxg6 15. Qd3 O-O 16. Qxg6 Rxf3 17. gxf3 b6 18. Bc1 Ba6 19. Re1 Nf8 20. Qg3 Qf6
21. Bf4 Ng6 22. Be5 Qf7 23. Kf2 Bb7 24. Bd6 Nh4 25. Qf4 Nxf3 26. Qxf7+ Kxf7 27.
Red1 Kg6 28. a4 Ng5 29. Ke3 Rh8 30. Rg1 Kh5 31. Raf1 Ne4 32. Rf3 1-0